Prevention of Accidents Due to Electricity Underground in Coal Mines

Bibliographic Details
Format: Unknown
Language:English
Published: Geneva : International Labour Organization, represented by the International Labour Office (ILO), 1959
Subjects:
Online Access:http://www.vlex.com/source/11277

MARC

LEADER 00000 a2200000 4500
005 20130612144116.0
007 cr|||| ||||
008 130612e19599999sz |||||s|||| 00||0 eng d
035 |a 11277 
040 |a vLex 
090 |c 4315  |d 4315 
245 0 0 |a Prevention of Accidents Due to Electricity Underground in Coal Mines  |h [Recurso electrn̤ico]  
256 |a Servicio en ln̕ea 
260 |a Geneva :  |b International Labour Organization, represented by the International Labour Office (ILO),   |c 1959 
300 |a 1 Recurso electrn̤ico 
506 |a Contenido solo disponible en los productos indicados  |d vLex Global  |d vLex Global (Academic Edition, excluding Law Schools)  |d vLex Global (U.S. Academic Edition, Law Schools)  |d vLex Global (U.S. Academic Edition, excluding Law Schools)  |d vLex Global (Academic Edition, Law Schools) 
650 4 |a Derecho laboral y Seguridad Social 
650 4 |a Seguridad y salud laboral 
650 4 |a Minera̕ 
740 |a vLex Libros (Servicio en ln̕ea) 
856 |a Acceso restringido  |u http://www.vlex.com/source/11277 
942 |c BOOK 
999 0 |a Labor laws and legislation